Java Primitive Data Types - Statistics

General Stats
  • This quiz has been taken 624 times
  • The average score is 7 of 9
Answer Stats
Hint Answer % Correct
Number int
98%
Letter char
92%
Number double
92%
Number float
85%
Letter string
84%
Number long
80%
2 Values boolean
76%
Number short
65%
Number byte
58%
No matching quizzes found
Score Distribution
Percent of People with Each Score
Percentile by Number Answered
Your Score History
You have not taken this quiz